000
00313nam a2200121Ia 4500
005
20260328101529.0
008
260328s9999||||xx |||||||||||||| ||und||
100
_a
Holl, Steven
245
0
_a
Steven Holl Scale /
_c
Steven Holl
260
_b
Lars Müller Publishers
650
_a
ARQUITECTURA - ELEMENTOS
942
_c
BK
999
_c
9921
_d
9921